Tilastot visalle Euroopan pääkaupungit kartalla

Klikkaa tästä pelataksesi tätä visaa!

Yleistilastot

  • Tätä visaa on pelattu 2 149 kertaa
  • Keskiarvotulos 28 / 44

Vastaukset kartalla

Vastauksille on annettu kartalla punavihreä väri sen mukaan, kuinka moni on saanut sen oikein.
Ladataan ...
 

Vastaustilastot

Vastaus% Oikein
Lontoo
93%
Madrid
88%
Pariisi
88%
Reykjavik
87%
Dublin
87%
Lissabon
84%
Ateena
83%
Amsterdam
82%
Rooma/Vatikaani
81%
Helsinki
80%
Oslo
78%
Monaco
78%
Luxemburg
78%
Tallinna
77%
Tukholma
77%
Berliini
77%
Kööpenhamina
77%
Moskova
76%
San Marino
75%
Bryssel
75%
Andorra la Vella
74%
Vilna
68%
Riika
68%
Varsova
66%
Kiova
63%
Minsk
63%
Valletta
62%
Wien
62%
Bern
59%
Praha
59%
Sofia
52%
Budapest
50%
Bukarest
47%
Sarajevo
45%
Ljubljana
43%
Zagreb
43%
Tirana
42%
Bratislava
41%
Chișinău
40%
Vaduz
38%
Skopje
38%
Pristina
35%
Belgrad
34%
Podgorica
34%

Tulosjakauma

Persentiili vastausten määrän mukaan

Jokaisen tuloksen saaneiden osuus

Tuloshistoriasi

Et ole pelannut tätä visaa